Statistics for Poland Map Quiz - Provinces / Voivodeships

Click here to take the quiz!

General Stats

  • This quiz has been taken 240 times
  • The average score is 9 of 16

Answers on the Map

Answers color-coded by a green-red scale on the quiz's map according to % correct below.
 

Answer Stats

Answer% Correct
Pomeranian
77%
Silesian
70%
West Pomeranian
70%
Greater Poland
63%
Lower Silesian
63%
Kuyavian-Pomeranian
60%
Lublin
59%
Łódź
57%
Masovian
57%
Opole
57%
Warmian-Masurian
56%
Lesser Poland
52%
Podlaskie
49%
Holy Cross
48%
Lubusz
47%
Subcarpathian
43%

Score Distribution

Percentile by Number Answered

Percent of People with Each Score

Your Score History

You have not taken this quiz